000
00380nam a2200133Ia 4500
008
100328s9999 xx 000 0 und d
082
_b
32350
100
_a
देशपांडे ज. शा.
245
_a
नवे नवनीत
260
_b
लोकसाहित्य
630
_a
नवे नवनीत
730
_a
नवे नवनीत
942
_c
BOOK
999
_c
523146
_d
523143